| 000 | 00764nam a2200205 a 4500 | ||
|---|---|---|---|
| 008 | 110916s2006 ag d f |||| 001 0 spa d | ||
| 020 | _a950124539X | ||
| 041 | _aspa | ||
| 092 |
_c361.907 _l56 _sNIR |
||
| 100 | 1 |
_aNirenberg, Olga _91620 |
|
| 245 |
_aParticipación de adolescentes en proyectos sociales. _bAportes conceptuales y pautas para su evaluación / _cOlga Nirenberg |
||
| 250 | _a1a ed. | ||
| 260 |
_aBuenos Aires: _bPaidós; _c2006. |
||
| 300 | _a286 p. | ||
| 500 | _aNirenberg, O. (2006). Participación de adolescentes en proyectos sociales. Aportes conceptuales y pautas para su evaluación. (1a ed.). Buenos Aires : Paidos. | ||
| 653 | _aCiencias sociales | ||
| 653 | _aParticipación juvenil | ||
| 653 | _aProyectos sociales | ||
| 942 |
_2ddc _cBK |
||
| 999 |
_c1005 _d1005 |
||